000 00412pab a2200157 454500
008 180718b2005 xxu||||| |||| 00| 0 eng d
100 _aBrown, Andrew D.
245 _aSounds of silence: graduate trainees, hegemony and resistance
260 _c2005
300 _ap.1049-069.
362 _aJul
650 _aOrganizations
700 _aCoupland, Christine
773 _aOrganization Studies
909 _a66401
999 _c66401
_d66401